[Event "Olympiad-42"]
[Site "Baku"]
[Date "2016.09.02"]
[Round "1.2"]
[White "Vidit, Santosh Gujrathi"]
[Black "Aguilar, Luis Miguel"]
[Result "1-0"]
[WhiteElo "2669"]
[BlackElo "2301"]
[PlyCount "53"]
[EventDate "2016.09.02"]
[EventType "team-swiss"]
[EventRounds "11"]
[EventCountry "AZE"]
[SourceTitle "CBM 175"]
[Source "ChessBase"]
[SourceDate "2016.11.10"]
[SourceVersion "1"]
[SourceVersionDate "2016.11.10"]
[SourceQuality "1"]
[WhiteTeam "India"]
[BlackTeam "Bolivia"]
[WhiteTeamCountry "IND"]
[BlackTeamCountry "BOL"]

1. Nf3 g6 2. c4 Bg7 3. d4 c5 4. e4 cxd4 5. Nxd4 Nc6 6. Nc2 Qc7 7. Be2 b6 8. 0-0 Bb7 9. Re1 Ne5 10. Ne3 Nf6 11. Nc3 d6 12. Ned5 Nxd5 13. exd5 0-0 14. Nb5 Qc8 15. Bg5 Re8 16. Rc1 Ba6 17. Nd4 h6 18. Be3 Qc7 19. b4 Bb7 20. Qd2 Kh7 21. Rc3 Nd7 22. Bxh6 Bf6 23. Bg5 Kg7 24. Rg3 Ne5 25. Nf5+ Kg8 26. Bxf6 exf6 27. Qh6 1-0

[Event "BOL-ch"]
[Site "Sucre"]
[Date "2016.06.11"]
[Round "5"]
[White "Campero, Ronald"]
[Black "Aguilar, Luis Miguel"]
[Result "1-0"]
[WhiteElo "2171"]
[BlackElo "2173"]
[PlyCount "111"]
[EventDate "2016.06.09"]
[EventType "tourn"]
[EventRounds "9"]
[EventCountry "BOL"]
[SourceTitle "CBM 172 Extra"]
[Source "ChessBase"]
[SourceDate "2016.06.21"]
[SourceVersion "1"]
[SourceVersionDate "2016.06.21"]
[SourceQuality "1"]

1. f4 g6 2. Nf3 Bg7 3. g3 c5 4. Bg2 Nc6 5. 0-0 d5 6. d3 Nf6 7. c3 0-0 8. Na3 Rb8 9. Ne5 Bf5 10. Nxc6 bxc6 11. Qa4 Qb6 12. Kh1 c4 13. e4 Bd7 14. e5 Ng4 15. d4 h5 16. Bxd5 cxd5 17. Qxd7 Rfd8 18. Qa4 f6 19. h3 Nh6 20. Nc2 fxe5 21. dxe5 Nf5 22. Kg2 h4 23. g4 Ng3 24. Re1 Kh7 25. Nd4 Ne4 26. g5 Nc5 27. Qd1 Nd3 28. b4 a5 29. b5 Nxe1+ 30. Qxe1 Kg8 31. a4 Rf8 32. Qxh4 Kf7 33. Be3 Qb7 34. Qg4 Qc8 35. Qf3 e6 36. Nc6 Ra8 37. Bb6 Ke8 38. Qe3 Qb7 39. Qd4 Qf7 40. Rf1 Qf5 41. Qc5 Rf7 42. Nxa5 Qe4+ 43. Kg1 Rb8 44. Qc6+ Rd7 45. Qxe6+ Re7 46. Qg8+ Bf8 47. Bc5 Kd7 48. Nc6 Rc8 49. Rd1 Kc7 50. Qxd5 Qxf4 51. b6+ Kb7 52. Nxe7+ Ka6 53. Bf2 Bxe7 54. Qb5+ Kb7 55. Qd7+ Ka8 56. Qa7# 1-0

[Event "BOL-ch"]
[Site "La Paz"]
[Date "2016.02.14"]
[Round "7"]
[White "Medrano, Mario"]
[Black "Aguilar, Luis Miguel"]
[Result "1/2-1/2"]
[WhiteElo "2084"]
[BlackElo "2057"]
[PlyCount "86"]
[EventDate "2016.02.11"]
[EventType "swiss"]
[EventRounds "7"]
[EventCountry "BOL"]
[SourceTitle "CBM 171 Extra"]
[Source "ChessBase"]
[SourceDate "2016.04.26"]
[SourceVersion "1"]
[SourceVersionDate "2016.04.26"]
[SourceQuality "1"]

1. e4 d6 2. Nf3 Nf6 3. Nc3 e5 4. d4 Nbd7 5. h3 Be7 6. Be3 h6 7. Bc4 c6 8. a4 Qc7 9. Qe2 Nf8 10. Nh2 Ne6 11. dxe5 dxe5 12. 0-0 g5 13. Bxe6 Bxe6 14. Rfd1 Rg8 15. g4 h5 16. f3 hxg4 17. hxg4 Nd7 18. Qf2 Rh8 19. Nf1 Rh7 20. Ng3 Qa5 21. Nf5 Bxf5 22. exf5 0-0-0 23. Kg2 Rdh8 24. Rh1 Qb4 25. Ne4 f6 26. b3 Rxh1 27. Rxh1 Rxh1 28. Kxh1 Nb6 29. Bd2 Qa3 30. a5 Qa1+ 31. Kg2 Nd7 32. Qxa7 Qd1 33. c4 Bc5 34. Nxc5 Qxd2+ 35. Kh3 Nxc5 36. Qxc5 Qc3 37. Kg2 Qd2+ 38. Kh3 Qc3 39. Qf8+ Kc7 40. Qe7+ Kc8 41. Qe6+ Kc7 42. Kg2 Qd2+ 43. Kf1 Qd1+ 1/2-1/2

[Event "South America-ch U16 12th"]
[Site "Santa Cruz"]
[Date "2015.12.04"]
[Round "4"]
[White "Delgado Romero, Marco"]
[Black "Aguilar, Luis Miguel"]
[Result "1-0"]
[WhiteElo "1940"]
[BlackElo "2056"]
[PlyCount "105"]
[EventDate "2015.12.02"]
[EventType "swiss"]
[EventRounds "9"]
[EventCountry "BOL"]
[SourceTitle "CBM 170 Extra"]
[Source "ChessBase"]
[SourceDate "2016.02.25"]
[SourceVersion "1"]
[SourceVersionDate "2016.02.25"]
[SourceQuality "1"]

1. d4 c5 2. d5 e6 3. c4 exd5 4. cxd5 g6 5. Nf3 Bg7 6. Nc3 d6 7. Bf4 Nf6 8. Qa4+ Bd7 9. Qb3 Qc7 10. e4 Nh5 11. Bg5 0-0 12. Bd3 a6 13. a4 h6 14. Be3 Kh7 15. h3 f5 16. exf5 Bxf5 17. Bxf5 gxf5 18. g4 f4 19. Qc2+ Kh8 20. Bd2 Nf6 21. g5 Nh7 22. gxh6 Bxh6 23. 0-0-0 Nd7 24. Rhg1 Ne5 25. Nxe5 dxe5 26. Rg6 Rf6 27. Rdg1 Qf7 28. Rxf6 Nxf6 29. Rg6 Ng8 30. h4 b5 31. Qe4 b4 32. d6 bxc3 33. Rxh6+ Nxh6 34. Qxa8+ Kg7 35. Bxc3 Qe6 36. Qb7+ Nf7 37. d7 Kf6 38. Qc8 Qd5 39. Qxa6+ Ke7 40. Qe2 Qh1+ 41. Qd1 Qxh4 42. Ba5 Nd8 43. Qd5 Qf6 44. Bxd8+ Kxd8 45. a5 Qg5 46. Qxc5 f3+ 47. Kc2 Qf5+ 48. Kc3 Kxd7 49. a6 Qf6 50. a7 Qa6 51. Qd5+ Kc7 52. a8Q Qb6 53. Qdd8# 1-0

[Event "South America-ch U16 12th"]
[Site "Santa Cruz"]
[Date "2015.12.03"]
[Round "2"]
[White "Escalante Ramirez, Brian Sebastian"]
[Black "Aguilar, Luis Miguel"]
[Result "1-0"]
[WhiteElo "2348"]
[BlackElo "2056"]
[PlyCount "49"]
[EventDate "2015.12.02"]
[EventType "swiss"]
[EventRounds "9"]
[EventCountry "BOL"]
[SourceTitle "CBM 170 Extra"]
[Source "ChessBase"]
[SourceDate "2016.02.25"]
[SourceVersion "1"]
[SourceVersionDate "2016.02.25"]
[SourceQuality "1"]

1. e4 c5 2. Nf3 g6 3. d4 Bg7 4. dxc5 Qa5+ 5. c3 Qxc5 6. Na3 Nf6 7. Nb5 b6 8. b4 Qc6 9. e5 Ne4 10. Nfd4 Qb7 11. Bd3 Bxe5 12. Qe2 d5 13. f3 f5 14. fxe4 fxe4 15. 0-0 a6 16. Bf4 Bxf4 17. Rxf4 axb5 18. Bxb5+ Bd7 19. Raf1 Nc6 20. Bxc6 Bxc6 21. Ne6 h5 22. b5 Kd7 23. Nd4 Bxb5 24. Qxb5+ Kd6 25. Rf7 1-0